Music Quiz

Random Music or Song Quiz
Score 0/30 Timer 10:00
0 Plays Today
Time Song % Correct
1:11-1:20Breaking the Law
92.3%
0:51-1:00Electric Eye
89.7%
2:21-2:30Painkiller
88.8%
4:11-4:20Living After Midnight
81.4%
1:21-1:30Beyond the Realms of Death
75.1%
3:31-3:40You've Got Another Thing Comin'
73.8%
1:41-1:50Metal Gods
73.1%
2:41-2:50Victim of Changes
71%
0:00-0:10Heading Out to the Highway
70.4%
0:31-0:40A Touch of Evil
70.4%
1:31-1:40Freewheel Burning
68.4%
4:21-4:30Exciter
61.4%
2:31-2:40Ram It Down
58.3%
4:51-5:00The Green Manalishi (With The Two-Pronged Crown)
58%
2:01-2:10Rocka Rolla
57.5%
Time Song % Correct
4:31-4:40All Guns Blazing
57%
0:41-0:50Sinner
55.9%
1:51-2:00Tyrant
55%
3:11-3:20Heavy Duty
53.1%
3:41-3:50Riding on the Wind
52.3%
3:01-3:10Dissident Aggressor
50.3%
1:01-1:10Locked In
45%
0:21-0:30Rock Forever
44.5%
4:01-4:10Out In the Cold
44.1%
0:11-0:20White Heat, Red Hot
42.8%
2:11-2:20Pain and Pleasure
41.9%
3:51-4:00Delivering the Goods
41.5%
2:51-3:00Steeler
39.4%
3:21-3:30Invader
37%
4:41-4:50Genocide
25.9%
Remove Ads.
Support Sporcle.
Get the best of Sporcle when you Go Orange. This ad-free experience offers more features, more stats, and more fun while also helping to support Sporcle. Thank you for becoming a member.

You're not logged in!

Compare scores with friends on all Sporcle quizzes.
OR
Log In

Show Comments

Extras

Top Quizzes Today


Score Distribution

Your Account Isn't Verified!

In order to create a playlist on Sporcle, you need to verify the email address you used during registration. Go to your Sporcle Settings to finish the process.

Report this User

Report this user for behavior that violates our Community Guidelines.

Details: